000 00316nam a22001457a 4500
008 230616b ||||| |||| 00| 0 eng d
020 _a9780534132125
041 _aeng
080 _2SECOND EDITION
_a51
082 _a51STE
100 _a23
101 _aMATEM
245 _aCALCULUS
_cSTEWART.J
942 _2udc
_cBK
999 _c59999
_d59999